000 00546nam a2200193Ia 4500
005 20250630104939.0
008 131103s9999 xx 000 0 und d
040 _aLoreto College
041 _aEnglish
082 _a551.52
_bTRE
100 _aTrewartha, Glenn T.
245 4 _aThe Earth's problem climates
_cGlenn T. Trewartha
260 _aLondon
_bUniversity of Wisconsin
_c1962
300 _a334p.
_b ill., charts, fig.
504 _aPublished in Great Britain by Melhuen & Co.
650 _aMeterology
850 _aLCLIB
942 _cBK
999 _c22891
_d73370